Responses for show #3624 - Thursday, May 11, 2000

2000 Tournament of Champions quarterfinal game 4.
From the Atlanta Civic Center.

Contestants

Michael Rooney, a college instructor from Pasadena, California

Lee Lassiter, a computer programmer from Topeka, Kansas

Robin Carroll, a research assistant from Marietta, Georgia

Jeopardy! Round responses

GEOGRAPHY
NAME THAT FLICK
GIRAFFES
SWEET "VIRGINIA"
ANTEBELLUM
TACO BELL-UM
    $100 12
Thailand

Robin
    $100 4
The Ten Commandments

Michael
    $100 28
Toys "R" Us

Michael
    $100 1
(Michael: What is The Rifleman?)

The Virginian

LeeMichael
    $100 30
the Washington Monument

Michael
    $100 22
the drive-thru window

Michael
    $200 11
North Dakota

Michael
    $200 2
The Karate Kid

Lee
    $200 14
necking

Lee
    $200 16
Virginia Military Institute (VMI)

Robin
    $200 29
welcome

Michael
    $200 21
the Liberty Bell

Michael
    $1,800 10
(Alex: The man has come to play!)

Brunei

Michael
    $300 3
West Side Story

Lee
    $300 15
lions

Robin
    $300 17
Who's Afraid of Virginia Woolf?

Robin
    $300 25
Greek

Robin
    $300 20
(Robin: What is "Taos"?)

"Santa Fe"

Robin
Triple Stumper
    $400 9
(Michael: Thanks, Alex!)

Belgrade, Bratislava & Vienna

Michael
    $400 6
Dr. No

Michael
    $400 27
ostriches

Lee
    $400 18
"Yes, Virginia, there is a Santa Claus"

Michael
    $400 23
the Hermitage

Michael
    $400 19
(Michael: What is a Chillito?)

the Enchirito

RobinMichael
    $500 7
French Guiana

Michael
    $500 13
(Robin: What is Annie Hall?)

Star Wars

RobinLee
    $500 26
the okapi

Michael
    $500 5
West Virginia University

Lee
    $500 24
(Lee: What is Richmond?)

Montgomery, Alabama

LeeMichael
    $500 8
Pizza Hut

Michael

Scores at the first commercial break (after clue 13):

Robin Lee Michael
-$400 $1,600 $3,800

Scores at the end of the Jeopardy! Round:

Robin Lee Michael
$800 $1,700 $5,900

Double Jeopardy! Round responses

WORLD LITERATURE
HANK AARON
MONARCHIES
ASTRONOMY
BRIEF BIOS
EX-RATED LATIN
    $200 1
Sanskrit

Michael
    $200 30
Runs Batted In

Michael
    $200 15
Monaco

Robin
    $200 21
Mercury

Michael
    $200 16
Lewis Carroll

Michael
    $200 6
Ex Post Facto

Triple Stumper
    $400 5
Gustave Flaubert

Robin
    $400 29
Milwaukee Brewers

Robin
    $400 14
Spain

Robin
    $3,000 20
Gemini (the Twins)

Michael
    $400 27
Socrates

Robin
    $400 7
Deus Ex Machina

Michael
    $600 4
Sir Walter Scott

Robin
    $600 28
Mark McGwire

Robin
    $600 13
Morocco

Michael
    $600 19
Sirius

Michael
    $600 24
Jack Benny

Robin
    $600 10
Ex Libris

Michael
    $800 2
How Green Was My Valley

Robin
    $800 26
(Lee: Who is Sandy Koufax?)
(Robin: Who is Orel Hershiser?)

Al Downing

RobinLee
Triple Stumper
    $800 12
Norway

Robin
    $800 18
Arabic

Michael
    $800 23
Mercator

Michael
    $800 8
Ex Cathedra

Robin
    $1,600 3
(Robin: Who is Vaclav Havel, and I know that's wrong!)
(Alex: But it's nice that you gave him mention on our show!)
...
(Robin: He's a Czech playwright?!)

Karel Capek

Robin
    $1000 25
The Spingarn Medal

Robin
    $1000 11
Lesotho

Robin
    $1000 17
Charon

Michael
    $1000 22
(Michael: That was cheesy!)
(Alex: No editorializing, please!)

Alexander Graham Bell

Triple Stumper
    $1000 9
Exeunt

Michael

Scores at the end of the Double Jeopardy! Round:

Robin Lee Michael
$6,400 $900 $15,500
(lock game)

Final Jeopardy! Round responses

U.S. SYMBOLISM
(the colors of our flag & on the Great Seal)
LeeWhat is ?
$900
RobinWhat are the stripes on the flag?
$1,600
MichaelWhat are red, white & blue?
$0
Red, White & Blue

Final scores:

Robin Lee Michael
$4,800 $0 $15,500
2nd place: $2,500 if eliminated 3rd place: $2,500 if eliminated Automatic semifinalist

Game dynamics:

Coryat scores:

Robin Lee Michael
$8,000 $900 $11,400
19 R,
4 W
(including 1 DD)
7 R,
2 W
29 R
(including 2 DDs),
2 W

Combined Coryat: $20,300

The J! Archive is created by fans, for fans. The Jeopardy! game show and all elements thereof, including but not limited to copyright and trademark thereto, are the property of Jeopardy Productions, Inc. and are protected under law. This website is not affiliated with, sponsored by, or operated by Jeopardy Productions, Inc. Join the discussion at JBoard.tv.